Després del teatre modern / Valentina Valentini ; traducció de Núria García Calders
Descripción Física:
132 p. ; 21 cm
Colección:
Escrits teòrics ; 1
Otros Autores:
García Caldés, Núria
Materias:
Teatre -- S. XX -- Història i crítica
MARC
| LEADER | 00000nam a2200000Ia 4500 | ||
|---|---|---|---|
| 001 | 9464 | ||
| 008 | 160829s1991 xx 000 0 cat d | ||
| 080 | |a B-1-197 | ||
| 100 | |a Valentini, Valentina |9 21179 | ||
| 245 | |a Després del teatre modern / Valentina Valentini ; traducció de Núria García Calders | ||
| 260 | |a Barcelona : |b Institut del Teatre. Diputació de Barcelona, |c 1991 | ||
| 300 | |a 132 p. ; |c 21 cm | ||
| 490 | |a Escrits teòrics ; 1 | ||
| 650 | |a Teatre |x S. XX |x Història i crítica |9 19607 | ||
| 700 | 1 | |a García Caldés, Núria |9 21180 | |
| 710 | 1 | |a Institut del Teatre (Barcelona, Catalunya) |9 52662 | |
| 901 | |a Arxiu | ||
| 942 | |n 1 | ||
| 952 | |0 0 |1 0 |4 0 |6 B1197 |7 1 |9 41818 |a Arxiu |b Arxiu |d 2016-12-01 |l 0 |o B-1-197 |p 9464 |r 2016-12-01 00:00:00 |w 2016-12-01 |y ARXIU | ||
| 999 | |c 43741 |d 43741 | ||